Selected Quality of Life Indicators

Enregistré dans:
Détails bibliographiques
Auteur principal: Lieskovská, Vanda, 1961-
Autres auteurs: Petrovčiková, Katarína, 1977-, Naščáková, Jana
Format: Chapitre de livre
Langue:anglais
Sujets:
Tags: Ajouter un tag
Pas de tags, Soyez le premier à ajouter un tag!

MARC

LEADER 00000nla a2200000 4500
001 0242267
005 20240502073936.4
041 0 |a eng 
044 |a SK 
245 1 0 |a Selected Quality of Life Indicators  |c Vanda Lieskovská, Katarína Petrovčíková, Jana Naščáková 
610 2 0 |a kvalita života 
610 2 0 |a ukazovatele 
610 2 0 |a prostredie životné 
610 2 0 |a ochrana prostredia životného 
610 2 0 |a emisie 
610 2 0 |a znečistenie prostredia životného 
610 2 0 |a podmienky životné 
610 2 0 |a vzdelávanie 
610 2 0 |a zdravie 
610 2 0 |a bezpečnosť 
610 2 0 |a analýzy 
610 2 0 |a Európska únia 
100 1 |a Lieskovská, Vanda, 1961- 
700 1 |a Petrovčiková, Katarína, 1977- 
700 1 |a Naščáková, Jana